[Event "Foment Martinenc op-B 17th"]
[Site "Barcelona"]
[Date "2015.05.23"]
[Round "5"]
[White "Leiva Ruiz, Sergi"]
[Black "Roca Llorca, Josep"]
[Result "1-0"]
[WhiteElo "2049"]
[BlackElo "1923"]
[PlyCount "49"]
[EventDate "2015.04.25"]
[EventType "swiss"]
[EventRounds "9"]
[EventCountry "ESP"]
[SourceTitle "EXT 2017"]
[Source "ChessBase"]
[SourceDate "2016.10.25"]
[SourceVersion "1"]
[SourceVersionDate "2016.10.25"]
[SourceQuality "1"]

1. e4 c5 2. Nc3 Nc6 3. Bb5 e6 4. Bxc6 bxc6 5. f4 Nf6 6. Nf3 Be7 7. 0-0 0-0 8. d3 d5 9. Kh1 Nd7 10. Qe1 Ba6 11. Qg3 c4 12. Nd4 Qc7 13. dxc4 Bxc4 14. Re1 Bb4 15. Bd2 Bxc3 16. Bxc3 g6 17. Qh4 c5 18. Re3 cxd4 19. Bxd4 e5 20. Rh3 h5 21. fxe5 Nxe5 22. Qg5 f6 23. Bxe5 fxe5 24. Qxg6+ Qg7 25. Qxh5 1-0

[Event "Foment Martinenc op-B 16th"]
[Site "Barcelona"]
[Date "2014.06.14"]
[Round "8"]
[White "Leiva Ruiz, Sergi"]
[Black "Flores Linan, Josep Luis"]
[Result "0-1"]
[WhiteElo "2048"]
[BlackElo "2018"]
[PlyCount "114"]
[EventDate "2014.04.26"]
[EventType "swiss"]
[EventRounds "9"]
[EventCountry "ESP"]
[SourceTitle "EXT 2015"]
[Source "ChessBase"]
[SourceDate "2014.11.20"]
[SourceVersion "1"]
[SourceVersionDate "2014.11.20"]
[SourceQuality "1"]

1. e4 c5 2. c3 Nf6 3. e5 Nd5 4. d4 e6 5. Nf3 cxd4 6. cxd4 Nc6 7. Nc3 Nxc3 8. bxc3 d5 9. Bd3 Bd7 10. 0-0 Rc8 11. Ng5 Be7 12. Qh5 g6 13. Qh6 Bf8 14. Qh3 Ne7 15. f4 Rxc3 16. Bxg6 fxg6 17. Qxc3 Qb6 18. Qc5 Qa6 19. Qc2 Nf5 20. Nf3 Be7 21. g4 Ng7 22. Ne1 0-0 23. Rf3 Rc8 24. Rc3 Rxc3 25. Qxc3 Qe2 26. Nf3 Bb5 27. Ba3 Bxa3 28. Qxa3 Bd3 29. Rc1 h6 30. Rc8+ Kh7 31. Nd2 Qxd2 32. Qc1 Qe2 33. Rc7 Qxg4+ 34. Kf2 Qe2+ 35. Kg1 h5 36. Rxb7 Be4 37. Rb2 Qg4+ 38. Kf2 Nf5 39. Ke1 Qg1+ 40. Kd2 Qe3+ 41. Kd1 Bf3+ 42. Kc2 Be4+ 43. Kd1 Qxd4+ 44. Ke1 Qg1+ 45. Kd2 Qf2+ 46. Kc3 Qc5+ 47. Kd2 Qd4+ 48. Ke1 Qg1+ 49. Kd2 Qe3+ 50. Kd1 Bf3+ 51. Kc2 Qe4+ 52. Kc3 d4+ 53. Kb3 Qd3+ 54. Kb4 a6 55. a4 Ne3 56. Qc7+ Kh6 57. Qd8 Qc3# 0-1